| 000 | 00000nam##2200000za#4500 |
| 001 | 9.574719 |
| 003 | CaOODSP |
| 005 | 20210624184323 |
| 007 | cr ||||||||||| |
| 008 | 150406|1997||||xxc|||||o f|0| 0 eng|d |
| 022 | |a1205-9153 |
| 040 | |aCaOODSP|beng |
| 043 | |an-cn--- |
| 086 | 1 |aCS11-0019/110E-PDF |
| 245 | 00|aTrickling down or fizzling out? : |h[electronic resource]|beconomic performance, transfers, inequality and low income / |cby Myles Zyblock and Zhengxi Lin. |
| 260 | |aOttawa - Ontario : |bStatistics Canada |cDecember 10, 1997. |
| 300 | |a24p.|bgraphs, references, tables |
| 490 | 1 |aAnalytical Studies Branch research paper series|x1205-9153|vNo. 110 |
| 500 | |aThe catalogue number (11F0019MPE), ISBN (0-660-17250-X) and ISSN (1200-5223) for the print edition have been incorrectly copied in this electronic publication. |
| 590 | |a12-34-Supp|b2012-07-31 |
| 710 | 2 |aStatistics Canada. |
| 720 | 1 |aLin, Zhengxi |
| 720 | 1 |aZyblock, Myles |
| 775 | 08|tExiste-t-il des liens entre la performance économique, les paiements de transfert, l'inégalité et le faible revenu? / |w(CaOODSP)9.604455 |
| 830 | #0|aResearch paper series (Statistics Canada. Analytical Studies Branch)|x1205-9153|vNo. 110|w(CaOODSP)9.504421 |
| 856 | 40|ahttp://publications.gc.ca|qPDF|s111 KB|uhttps://publications.gc.ca/collections/Collection/CS11-0019-110E.pdf|yNo. 110 |